All Tyranid units - Statistics

General Stats
  • This quiz has been taken 16 times
  • The average score is 20 of 44
Answer Stats
Picture Answer % Correct
Lictor
92%
Hive tyrant
83%
Old one eye
75%
Gargoyles
67%
Hormagaunts
67%
Neurolictor
67%
Termagants
67%
Winged hive tyrant
67%
Carnifex
58%
Hive guard
58%
Tyranid warriors
58%
Winged tyranid prime
58%
Genestealers
50%
Hierophant
50%
Neurotyrant
50%
Psychophage
50%
Ripper swarm
50%
Tervigon
50%
Trygon
50%
Tyrant guard
50%
Von Ryan's leapers
50%
Deathleaper
42%
Harpy
42%
Neurogaunts
42%
Norn emissary
42%
Pyrovore
42%
Screamer killer
42%
Tyrannofex
42%
Zoanthropes
42%
Biovore
33%
Broodlord
33%
haruspex
33%
Mawloc
33%
Norn Assimilator
33%
Parasite of Mortrex
33%
Raveners
33%
Tyrannocyte
33%
Exocrine
25%
Harridan
25%
Maleceptor
25%
Toxicrene
25%
barbagaunts
17%
Hive crone
17%
Venomthropes
17%
No matching quizzes found
Score Distribution
Percent of People with Each Score
Percentile by Number Answered
Your Score History
You have not taken this quiz